Station de Tramway de Bordeaux (France) - Statistiques

Statistiques générales
  • Ce quiz a été pris 1 755 fois
    1 115 depuis la dernière actualisation
  • Le résultat moyen est 49 sur 147
Statistiques - réponses
LIGNE A % Correct
Quinconces
84%
Hotel de Ville
80%
Victoire
75%
Gare Saint Jean
72%
Porte de Bourgogne
72%
La Cité du Vin
65%
Place de la Bourse
64%
Grand Théatre
63%
Musée d'Aquitaine
63%
Sainte Catherine
63%
Stalingrad
63%
Pessac Centre
62%
Meriadeck
61%
Gambetta
60%
Peixotto
60%
Aéroport
59%
Saint Nicolas
58%
Arts et Métiers
52%
Montaigne Montesquieu
52%
Saint Michel
51%
Palais de Justice
50%
Bergonié
48%
Chartrons
48%
CAPC
47%
Forum
47%
Hotel de Police
47%
Jardin Public
47%
Barrière Saint Genès
46%
Berges de la Garonne
44%
Cenon Gare
44%
Doyen Brus
43%
Hopital Pellegrin
43%
Les Hangars
42%
New York
42%
Parc des Expositions - Stade Matmut-Atlantique
42%
Roustaing
42%
Tauzia
42%
Grand Parc
40%
Jardin Botanique
40%
Place du Palais
40%
Stade Chaban - Delmas
40%
Béthanie
39%
France Alouette
39%
Gare de Blanquefort
39%
Le Haillan Rostand
39%
Les Aubiers
39%
François Bordes
37%
Merignac Centre
37%
Floirac Dravemont
36%
Sainte Croix
36%
Unitec
36%
Gare de Bègles
35%
La Gardette - Bassens - Carbon Blanc
35%
Buttinière
33%
Saige
33%
Claveau
32%
Carle Vernet
31%
Cracovie
30%
La Vache
30%
Galin
29%
Cantinolle
28%
Hippodrome
28%
Mérignac Soleil
28%
Place Ravezies - Le Bouscat
28%
Thiers - Benauge
28%
Villenave Pyrenées
28%
Belcier
27%
Cours du Médoc
27%
Camille Godard
26%
Quarante Journaux
26%
Rue Achard
26%
Bougnard
25%
Jean Jaures
25%
Quatre Chemins
25%
Brandenburg
24%
Gaviniès
24%
Place Paul Doumer
24%
Saint Augustin
24%
Barrière du Médoc
23%
Gare de Bruges
23%
Berges du Lac
22%
Emile Counord
22%
Fontaine d'Arlac
22%
Iris
22%
Terres Neuves
22%
Lycée Vaclav-Havel
21%
Palmer
21%
Pin Galant
21%
Hopital Haut Leveque
20%
Lycées de Merignac
20%
Peychotte
20%
Saint Bruno - Hotel de Région
20%
Fondaudège Museum
19%
Mairie du Bouscat
19%
François Mitterand
18%
Croix de Seguey
17%
Mairie de Lormont
17%
Palais des Congrès
17%
Carnot - Mairie de Cenon
16%
Eysines Centre
16%
La Belle Rose
16%
La Morlette
16%
Les Pins
16%
Ausone
15%
Chataigneraie
15%
Camponnac Médiathèque
14%
Jean Zay
14%
Pierre Mendes france
14%
Stade Musard
14%
Calypso
13%
Frères Robinson
13%
Gravières
13%
Lauriers
13%
Alfred de Vigny
12%
Bois Fleuri
12%
Carriet
12%
Frankton
12%
Parc de Mussonville
12%
Sainte Germaine
12%
Cap Métiers
11%
Caroline Aigle
11%
Chemin Long
11%
La Marègue
11%
Les Ecus
11%
Pelletan
11%
Simone Veil
11%
Courbet
10%
Les Sources
10%
Picot
10%
Calais Centujean
9%
Champ de Courses - Treulon
9%
Gare de Pessac Alouette
9%
Villenave Centre - Pont de la Maye
9%
Hotel de ville Mérignac
8%
Cadéra Issartier
7%
Aucun quiz correspondant
Distribution des résultats
% des personnes avec chaque résultat
Percentile par nombre de réponses
Votre historique - résultats
Vous n’avez pas pris ce quiz depuis la dernière actualisation